Online
Catalog

Consecuencias sociales y económicas de la exclusión laboral de la población con discapacidad en República Dominicana / (Record no. 49628)

MARC details
000 -CABECERA
campo de control de longitud fija 01371nam a2200265 a 4500
003 - IDENTIFICADOR DEL NÚMERO DE CONTROL
campo de control DO-SdBNP
005 - FECHA Y HORA DE LA ÚLTIMA TRANSACCIÓN
campo de control 20240528191003.0
007 - CAMPO FIJO DE DESCRIPCIÓN FÍSICA--INFORMACIÓN GENERAL
campo de control de longitud fija ta
008 - DATOS DE LONGITUD FIJA--INFORMACIÓN GENERAL
campo de control de longitud fija 100322s2020 dr a gr 000 01sp|spa
020 ## - NÚMERO INTERNACIONAL ESTÁNDAR DEL LIBRO
Número Internacional Estándar del Libro 9789945923117
040 ## - FUENTE DE LA CATALOGACIÓN
Centro catalogador/agencia de origen DO-SdBNP
Lengua de catalogación spa
Centro/agencia transcriptor BNPHU
082 #4 - NÚMERO DE LA CLASIFICACIÓN DECIMAL DEWEY
Número de edición 22
Número de documento/Ítem R426c
110 1# - ENTRADA PRINCIPAL--NOMBRE DE ENTIDAD CORPORATIVA
Nombre de entidad corporativa o nombre de jurisdicción como elemento de entrada República Dominicana
Unidad subordinada Consejo Nacional de Discapacidad
9 (RLIN) 78179
245 10 - MENCIÓN DE TÍTULO
Título Consecuencias sociales y económicas de la exclusión laboral de la población con discapacidad en República Dominicana /
260 ## - PUBLICACIÓN, DISTRIBUCIÓN, ETC.
Lugar de publicación, distribución, etc. Santo Domingo :
Nombre del editor, distribuidor, etc. Banco Interamericano de Desarrollo,
Fecha de publicación, distribución, etc. 2020.
300 ## - DESCRIPCIÓN FÍSICA
Extensión 156 p. :
Dimensiones 21 cm.
504 ## - NOTA DE BIBLIOGRAFÍA, ETC.
Nota de bibliografía, etc. Bibliografía : p. 151-153
505 ## - NOTA DE CONTENIDO CON FORMATO
Nota de contenido con formato Capítulo 1--
Título Objetivos y aspectos metodológicos.--
Información miscelánea Capítulo 2
Título Marco Teórico-conceptual.--
Información miscelánea Capítulo 3--
Título Cualidades de la exclusión laboral dela población con discapacidad.--
Información miscelánea Capítulo 4--
Título Barreras para la inclusión laboral plena.--
Información miscelánea Capítulo 5--
Título Marco legal y marco programático.--
Información miscelánea Capítulo 6--
Título Respuesta para la inclusión laboral de las personas con discapacidad.--
-- Bibliografía.-- Anexos.
590 ## - NOTA LOCAL (RLIN)
Nota local Inventariado, 2021/ YL
610 20 - PUNTO DE ACCESO ADICIONAL DE MATERIA--NOMBRE DE ENTIDAD CORPORATIVA
Nombre de entidad corporativa o nombre de jurisdicción como elemento de entrada Banco Interamericano de Desarrollo
9 (RLIN) 9655
650 #4 - PUNTO DE ACCESO ADICIONAL DE MATERIA--TÉRMINO DE MATERIA
9 (RLIN) 7310
Término de materia o nombre geográfico como elemento de entrada Trabajo de personas con discapacidad
Subdivisión geográfica República Dominicana
650 #4 - PUNTO DE ACCESO ADICIONAL DE MATERIA--TÉRMINO DE MATERIA
9 (RLIN) 32641
Término de materia o nombre geográfico como elemento de entrada Personas con discapacidades físicas
Subdivisión general Inclusión Laboral
910 ## - DATOS DE OPCIÓN DEL USUARIO (OCLC)
Datos de opción del usuario MFELIZ
942 ## - ELEMENTOS DE PUNTO DE ACCESO ADICIONAL (KOHA)
Fuente del sistema de clasificación o colocación Dewey Decimal Classification
Tipo de ítem Koha Libro
Holdings
Estado de retiro Estado de pérdida Fuente del sistema de clasificación o colocación Restricciones de uso No para préstamo Código de colección Localización permanente Ubicación/localización actual Ubicación en estantería Fecha de adquisición Fuente de adquisición Signatura topográfica completa Código de barras Fecha visto por última vez Precio válido a partir de Tipo de ítem Koha
    Dewey Decimal Classification Excluido de préstamo   Patrimonio Dominicano Biblioteca Nacional Pedro Henríquez Ureña Biblioteca Nacional Pedro Henríquez Ureña En catalogación 26.11.2020 Depósito Legal BNPHU PD R426c 2021-1031 19.03.2021 19.03.2021 Libro
    Dewey Decimal Classification Excluido de préstamo   Patrimonio Dominicano Biblioteca Nacional Pedro Henríquez Ureña Biblioteca Nacional Pedro Henríquez Ureña En catalogación 11.01.2021 Depósito legal BNPHU PD R426c 2021-27701 29.10.2021 29.10.2021 Libro

Powered by Koha